Toutes les communes nouvelles et anciennes du Calvados sur une carte - Statistiques

Statistiques générales
  • Ce quiz a été pris 13 fois
    5 depuis la dernière actualisation
  • Le résultat moyen est 128 sur 273
Réponses sur la Carte
Les réponses sont colorées sur une échelle allant du rouge au vert en fonction du pourcentage des utilisateurs qui les ont devinées à leur premier essai. Vous pouvez retrouver ces pourcentages ci-dessous.
 
Statistiques - réponses
Communes Nouvelles Communes Anciennes % Correct
Vire Normandie Vire
100%
Vire Normandie
100%
Thue et Mue Bretteville-l'Orgueilleuse
75%
Saint-Pierre-en-Auge Bretteville-sur-Dives
75%
Cambremer Cambremer
75%
Cambremer (CN)
75%
Castine-en-Plaine
75%
Caumont-sur-Aure Caumont-l'Éventé
75%
Caumont-sur-Aure
75%
Thury-Harcourt-le-Hom Caumont-sur-Orne
75%
Formigny La Bataille Formigny
75%
Formigny La Bataille
75%
Le Castelet
75%
Livarot-Pays-d'Auge Livarot
75%
Livarot-Pays-d'Auge
75%
Mézidon Vallée d'Auge Mézidon-Canon
75%
Mézidon Vallée d'Auge
75%
Le Castelet Saint-Aignan-de-Cramesnil
75%
Livarot-Pays-d'Auge Sainte-Marguerite-des-Loges
75%
Saint-Pierre-en-Auge Sainte-Marguerite-de-Viette
75%
Aurseulles Saint-Germain-d'Ectot
75%
Val-de-Vie Saint-Germain-de-Montgommery
75%
Vire Normandie Saint-Germain-de-Tallevende-la-Lande-Vaumont
75%
Condé-en-Normandie Saint-Germain-du-Crioult
75%
Val de Drôme Saint-Jean-des-Essartiers
75%
Terres de Druance Saint-Jean-le-Blanc
75%
Valorbiquet Saint-Pierre-de-Mailloc
75%
Saint-Pierre-en-Auge
75%
Condé-en-Normandie Saint-Pierre-la-Vieille
75%
Saint-Pierre-en-Auge Saint-Pierre-sur-Dives
75%
Souleuvre en Bocage Saint-Pierre-Tarentaine
75%
Noues de Sienne Saint-Sever-Calvados
75%
Souleuvre en Bocage
75%
Vire Normandie Vaudry
75%
Formigny La Bataille Aignerville
50%
Valambray Airan
50%
Aurseulles Anctoville
50%
Colomby-Anguerny Anguerny
50%
Livarot-Pays-d'Auge Auquainville
50%
Aure sur Mer
50%
Aurseulles
50%
Balleroy-sur-Drôme Balleroy
50%
Balleroy-sur-Drôme
50%
Souleuvre en Bocage Beaulieu
50%
Belle Vie en Auge
50%
Livarot-Pays-d'Auge Bellou
50%
Valdallière Bernières-le-Patry
50%
Belle Vie en Auge Biéville-Quétiéville
50%
Valambray Billy
50%
Méry-Bissières-en-Auge Bissières
50%
Saint-Pierre-en-Auge Boissey
50%
Valdallière Burcy
50%
Souleuvre en Bocage Carville
50%
Isigny-sur-Mer Castilly
50%
Livarot-Pays-d'Auge Cerqueux
50%
Cesny-les-Sources Cesny-Bois-Halbout
50%
Cesny-les-Sources
50%
Noues de Sienne Champ-du-Boult
50%
Livarot-Pays-d'Auge Cheffreville-Tonnencourt
50%
Valdallière Chênedollé
50%
Moult-Chicheboville Chicheboville
50%
Laize-Clinchamps Clinchamps-sur-Orne
50%
Colomby-Anguerny
50%
Colomby-Anguerny Colomby-sur-Thaon
50%
Condé-en-Normandie
50%
Condé-en-Normandie Condé-sur-Noireau
50%
Valambray Conteville
50%
Notre-Dame-d'Estrées-Corbon Corbon
50%
Pont-l’Évêque Coudray-Rabut
50%
Vire Normandie Coulonces
50%
Mézidon Vallée d'Auge Coupesarte
50%
Noues de Sienne Courson
50%
Creully sur Seulles Creully
50%
Creully sur Seulles
50%
Mézidon Vallée d'Auge Crèvecœur-en-Auge
50%
Mézidon Vallée d'Auge Croissanville
50%
Val de Drôme Dampierre
50%
Formigny La Bataille Écrammeville
50%
Valdallière Estry
50%
Souleuvre en Bocage Étouvy
50%
Livarot-Pays-d'Auge Familly
50%
Livarot-Pays-d'Auge Fervaques
50%
Valambray Fierville-Bray
50%
Noues de Sienne Fontenermont
50%
La Vespière-Friardel Friardel
50%
Le Castelet Garcelles-Secqueville
50%
Victot-en-Auge Gerrots
50%
Mézidon Vallée d'Auge Grandchamp-le-Château
50%
Livarot-Pays-d'Auge Heurtevent
50%
Saint-Pierre-en-Auge Hiéville
50%
Castine-en-Plaine Hubert-Folie
50%
Isigny-sur-Mer Isigny-sur-Mer
50%
Isigny-sur-Mer (CN)
50%
Val-de-Vie La Brévière
50%
Val-de-Vie La Chapelle-Haute-Grue
50%
Valorbiquet La Chapelle-Yvon
50%
Livarot-Pays-d'Auge La Croupte
50%
Souleuvre en Bocage La Graverie
50%
Laize-Clinchamps
50%
Laize-Clinchamps Laize-la-Ville
50%
Val de Drôme La Lande-sur-Drôme
50%
Valdallière La Rocque
50%
Caumont-sur-Aure La Vacquerie
50%
La Vespière-Friardel La Vespière
50%
La Vespière-Friardel
50%
Mézidon Vallée d'Auge Lécaude
50%
Valdallière Le Désert
50%
Noues de Sienne Le Gast
50%
Livarot-Pays-d'Auge Le Mesnil-Bacley
50%
Noues de Sienne Le Mesnil-Benoist
50%
Noues de Sienne Le Mesnil-Caussois
50%
Livarot-Pays-d'Auge Le Mesnil-Durand
50%
Livarot-Pays-d'Auge Le Mesnil-Germain
50%
Mézidon Vallée d'Auge Le Mesnil-Mauger
50%
Les Monts d'Aunay Le Plessis-Grimoult
50%
Souleuvre en Bocage Le Reculey
50%
Livarot-Pays-d'Auge Les Autels-Saint-Bazile
50%
Mézidon Vallée d'Auge Les Authieux-Papion
50%
Livarot-Pays-d'Auge Les Moutiers-Hubert
50%
Isigny-sur-Mer Les Oubeaux
50%
Valdallière Le Theil-Bocage
50%
Caumont-sur-Aure Livry
50%
Aurseulles Longraye
50%
Saint-Pierre-en-Auge L'Oudon
50%
Formigny La Bataille Louvières
50%
Mézidon Vallée d'Auge Magny-la-Campagne
50%
Mézidon Vallée d'Auge Magny-le-Freule
50%
Vire Normandie Maisoncelles-la-Jourdan
50%
Saint-Martin-de-May May-sur-Orne
50%
Méry-Bissières-en-Auge
50%
Méry-Bissières-en-Auge Méry-Corbon
50%
Noues de Sienne Mesnil-Clinchamps
50%
Livarot-Pays-d'Auge Meulles
50%
Saint-Pierre-en-Auge Mittois
50%
Valdallière Montchamp
50%
Mézidon Vallée d'Auge Monteille
50%
Saint-Pierre-en-Auge Montviette
50%
Moult-Chicheboville Moult
50%
Moult-Chicheboville
50%
Isigny-sur-Mer Neuilly-la-Forêt
50%
Livarot-Pays-d'Auge Notre-Dame-de-Courson
50%
Notre-Dame-d'Estrées-Corbon Notre-Dame-d'Estrées
50%
Notre-Dame-d'Estrées-Corbon
50%
Noues de Sienne
50%
Saint-Pierre-en-Auge Ouville-la-Bien-Tournée
50%
Mézidon Vallée d'Auge Percy-en-Auge
50%
Pont-Farcy
50%
Pont-l’Évêque Pont-l'Évêque
50%
Pont-l’Évêque (CN)
50%
Valambray Poussy-la-Campagne
50%
Livarot-Pays-d'Auge Préaux-Saint-Sébastien
50%
Valdallière Presles
50%
Castine-en-Plaine Rocquancourt
50%
Rots Rots
50%
Rots (CN)
50%
Vire Normandie Roullours
50%
Valdallière Rully
50%
Aure sur Mer Russy
50%
Valorbiquet Saint-Cyr-du-Ronceray
50%
Val-de-Vie Sainte-Foy-de-Montgommery
50%
Aure sur Mer Sainte-Honorine-des-Pertes
50%
Souleuvre en Bocage Sainte-Marie-Laumont
50%
Seulline Saint-Georges-d'Aunay
50%
Saint-Pierre-en-Auge Saint-Georges-en-Auge
50%
Valorbiquet Saint-Julien-de-Mailloc
50%
Mézidon Vallée d'Auge Saint-Julien-le-Faucon
50%
Cambremer Saint-Laurent-du-Mont
50%
Belle Vie en Auge Saint-Loup-de-Fribois
50%
Noues de Sienne Saint-Manvieu-Bocage
50%
Saint-Martin-de-May Saint-Martin-de-Fontenay
50%
Saint-Martin-de-May
50%
Thury-Harcourt-le-Hom Saint-Martin-de-Sallen
50%
Souleuvre en Bocage Saint-Martin-des-Besaces
50%
Souleuvre en Bocage Saint-Martin-Don
50%
Livarot-Pays-d'Auge Saint-Martin-du-Mesnil-Oury
50%
Livarot-Pays-d'Auge Saint-Michel-de-Livet
50%
Souleuvre en Bocage Saint-Ouen-des-Besaces
50%
Livarot-Pays-d'Auge Saint-Ouen-le-Houx
50%
Noues de Sienne Sept-Frères
50%
Val de Drôme Sept-Vents
50%
Saint-Pierre-en-Auge Thiéville
50%
Thue et Mue
50%
Thury-Harcourt-le-Hom Thury-Harcourt
50%
Thury-Harcourt-le-Hom
50%
Castine-en-Plaine Tilly-la-Campagne
50%
Valorbiquet Tordouet
50%
Aurseulles Torteval-Quesnay
50%
Livarot-Pays-d'Auge Tortisambert
50%
Vire Normandie Truttemer-le-Grand
50%
Vire Normandie Truttemer-le-Petit
50%
Valambray
50%
Valdallière
50%
Val de Drôme
50%
Val-de-Vie
50%
Valorbiquet
50%
Valdallière Vassy
50%
Balleroy-sur-Drôme Vaubadon
50%
Saint-Pierre-en-Auge Vaudeloges
50%
Victot-en-Auge
50%
Victot-en-Auge Victot-Pontfol
50%
Valdallière Viessoix
50%
Mézidon Vallée d'Auge Vieux-Fumé
50%
Saint-Pierre-en-Auge Vieux-Pont-en-Auge
50%
Isigny-sur-Mer Vouilly
50%
Cesny-les-Sources Acqueville
25%
Ponts sur Seulles Amblie
25%
Cesny-les-Sources Angoville
25%
Les Monts d'Aunay Aunay-sur-Odon
25%
Malherbe-sur-Ajon Banneville-sur-Ajon
25%
Les Monts d'Aunay Bauquay
25%
Thue et Mue Brouay
25%
Souleuvre en Bocage Bures-les-Monts
25%
Les Monts d'Aunay Campandré-Valcongrain
25%
Souleuvre en Bocage Campeaux
25%
Thue et Mue Cheux
25%
Moulins-en-Bessin Coulombs
25%
Seulline Coulvain
25%
Moulins-en-Bessin Cully
25%
Thury-Harcourt-le-Hom Curcy-sur-Orne
25%
Les Monts d'Aunay Danvou-la-Ferrière
25%
Dialan sur Chaîne
25%
Aurseulles Feuguerolles-sur-Seulles
25%
Montillières-sur-Orne Goupillières
25%
Thury-Harcourt-le-Hom Hamars
25%
Dialan sur Chaîne Jurques
25%
Seulline La Bigne
25%
Condé-en-Normandie La Chapelle-Engerbold
25%
Souleuvre en Bocage La Ferrière-Harang
25%
Ponts sur Seulles Lantheuil
25%
Rots Lasson
25%
Terres de Druance Lassy
25%
Souleuvre en Bocage Le Bény-Bocage
25%
Val d'Arry Le Locheur
25%
Dialan sur Chaîne Le Mesnil-Auzouf
25%
Thue et Mue Le Mesnil-Patry
25%
Condé-en-Normandie Lénault
25%
Les Monts d'Aunay
25%
Malherbe-sur-Ajon
25%
Souleuvre en Bocage Malloué
25%
Moulins-en-Bessin Martragny
25%
Val d'Arry Missy
25%
Souleuvre en Bocage Montamy
25%
Souleuvre en Bocage Mont-Bertrand
25%
Souleuvre en Bocage Montchauvet
25%
Montillières-sur-Orne
25%
Moulins-en-Bessin
25%
Val d'Arry Noyers-Bocage
25%
Les Monts d'Aunay Ondefontaine
25%
Aurseulles Orbois
25%
Valdallière Pierres
25%
Cesny-les-Sources Placy
25%
Ponts sur Seulles
25%
Condé-en-Normandie Proussy
25%
Thue et Mue Putot-en-Bessin
25%
Les Monts d'Aunay Roucamps
25%
Moulins-en-Bessin Rucqueville
25%
Malherbe-sur-Ajon Saint-Agnan-le-Malherbe
25%
Valdallière Saint-Charles-de-Percy
25%
Souleuvre en Bocage Saint-Denis-Maisoncelles
25%
Thue et Mue Sainte-Croix-Grand-Tonne
25%
Creully sur Seulles Saint-Gabriel-Brécy
25%
Terres de Druance Saint-Vigor-des-Mézerets
25%
Rots Secqueville-en-Bessin
25%
Aurseulles Sermentot
25%
Seulline
25%
Terres de Druance
25%
Ponts sur Seulles Tierceville
25%
Val d'Arry Tournay-sur-Odon
25%
Cesny-les-Sources Tournebu
25%
Montillières-sur-Orne Trois-Monts
25%
Val d'Arry
25%
Creully sur Seulles Villiers-le-Sec
25%
Souleuvre en Bocage Le Tourneur
0%
Aucun quiz correspondant
Distribution des résultats
% des personnes avec chaque résultat
Percentile par nombre de réponses
Votre historique - résultats
Vous n’avez pas pris ce quiz depuis la dernière actualisation